Методические рекомендации к корреляции разрезов скважин

書誌詳細
その他の著者: Гутман И. С. Игорь Соломонович (редактор)
要約:Одобрены Экспертно-техническим советом Государственной комиссии по запасам полезных ископаемых (ФБУ "ГКЗ" Роснедра, протокол от 15 ноября 2012 г.).
Методические рекомендации дают возможность качественно выполнять корреляцию разрезов скважин - наиболее трудный этап детального изучения месторождений. Показана центральная роль корреляции при геологическом моделировании месторождений, говорится о границах применимости и использовании ее совместно с сейсмическими исследованиями. На примере отечественного комплекса AutoCorr рассмотрены основные этапы автоматической и автоматизированной корреляции, поясняется геолого-геофизический смысл заложенных в них алгоритмов. Предложен комплекс методических приемов, позволяющих в интерактивном режиме добиваться объективных результатов корреляции путем распознавания образов геофизических кривых в скважинах. На основе схем корреляции и результатов сейсмических исследований даны примеры для распознавания образов геологических моделей сложнопостроенных объектов.С помощью разнообразных методических приемов корреляции разрезов скважин распознаются условия залегания и формирования отложений на объектах разного уровня в пределах различных нефтегазоносных регионов страны на примере:пермокарбоновой залежи высоковязкой нефти Усинского месторождения Тимано-Печорской нефтегазоносной провинции;терригенной толщи нижнекаменноугольных отложений и вмещающих ее карбонатных пород Самарского региона Камско-Кинельской системы прогибов, а также врезов на месторождениях Южно-Татарского свода и Бирской седловины Урало-Поволжья;ачимовских клиноформ и аномальных разрезов баженовской свиты на месторождениях Западной Сибири.Для специалистов в области газонефтяной геологии. Книга полезна студентам, магистрантам и аспирантам соответствующих специальностей.
言語:ロシア語
出版事項: Москва, Недра, 2013
主題:
フォーマット: MixedMaterials 図書
KOHA link:https://koha.lib.tpu.ru/cgi-bin/koha/opac-detail.pl?biblionumber=240861

MARC

LEADER 00000nam0a2200000 4500
001 240861
005 20231101231754.0
010 |a 9785836503994 
035 |a (RuTPU)RU\TPU\book\262122 
090 |a 240861 
100 |a 20130626d2013 k y0rusy50 ca 
101 0 |a rus 
102 |a RU 
105 |a a z 001zy 
200 1 |a Методические рекомендации к корреляции разрезов скважин  |f под ред. И. С. Гутмана 
210 |a Москва  |c Недра  |d 2013 
215 |a 112 с.  |c ил. 
300 |a Одобрены Экспертно-техническим советом Государственной комиссии по запасам полезных ископаемых (ФБУ "ГКЗ" Роснедра, протокол от 15 ноября 2012 г.). 
320 |a Библиогр.: с. 108-110. 
330 |a Методические рекомендации дают возможность качественно выполнять корреляцию разрезов скважин - наиболее трудный этап детального изучения месторождений. Показана центральная роль корреляции при геологическом моделировании месторождений, говорится о границах применимости и использовании ее совместно с сейсмическими исследованиями. На примере отечественного комплекса AutoCorr рассмотрены основные этапы автоматической и автоматизированной корреляции, поясняется геолого-геофизический смысл заложенных в них алгоритмов. Предложен комплекс методических приемов, позволяющих в интерактивном режиме добиваться объективных результатов корреляции путем распознавания образов геофизических кривых в скважинах. На основе схем корреляции и результатов сейсмических исследований даны примеры для распознавания образов геологических моделей сложнопостроенных объектов.С помощью разнообразных методических приемов корреляции разрезов скважин распознаются условия залегания и формирования отложений на объектах разного уровня в пределах различных нефтегазоносных регионов страны на примере:пермокарбоновой залежи высоковязкой нефти Усинского месторождения Тимано-Печорской нефтегазоносной провинции;терригенной толщи нижнекаменноугольных отложений и вмещающих ее карбонатных пород Самарского региона Камско-Кинельской системы прогибов, а также врезов на месторождениях Южно-Татарского свода и Бирской седловины Урало-Поволжья;ачимовских клиноформ и аномальных разрезов баженовской свиты на месторождениях Западной Сибири.Для специалистов в области газонефтяной геологии. Книга полезна студентам, магистрантам и аспирантам соответствующих специальностей. 
606 1 |a Нефтегазоносность  |x Геофизические методы разведки  |2 stltpush  |3 (RuTPU)RU\TPU\subj\45592  |9 64785 
610 1 |a геологоразведочные скважины 
610 1 |a корреляция 
610 1 |a разрезы 
610 1 |a ручной режим 
610 1 |a автоматический режим 
610 1 |a интерактивный режим 
610 1 |a нефтегазовые месторождения 
675 |a 553.98:550.83  |v 3 
702 1 |a Гутман  |b И. С.  |g Игорь Соломонович  |4 340 
801 1 |a RU  |b 63413507  |c 20130626 
801 2 |a RU  |b 63413507  |c 20150702  |g RCR 
900 |a Нефтегазовое дело 
900 |a Геологическая интерпретация геофизических данных 
942 |c BK 
959 |a 20/20130206  |d 7  |e 645,00  |f ЧЗТЛ:1  |f АНЛ:1  |f УФ:5